000
00275nam a2200121 a 4500
005
20140412111327.0
008
110121s19uu xx 00 eng d
050
_a
ER
_b
Id5 1991
100
_a
Lloyd, Errol
245
_a
I don't care!.
260
_b
Red Fox.
999
_c
104711
_d
104711